| 000 | 01088cam a22002893a 4500 | ||
|---|---|---|---|
| 001 | 1195 | ||
| 005 | 20231124093803.0 | ||
| 020 | _a078073003990 | ||
| 040 |
_aVPL _cVPL _dSLC _dOCL _dDLC _beng |
||
| 050 | 0 | 0 | _aPZ8.M551155 |
| 082 | _a509 | ||
| 100 | 1 |
_aMedearis, Angela Shelf _d1956- |
|
| 245 | 1 | 4 |
_aThe spray-paint mystery / _cAngela Shelf Medearis ; illustrated by Richard Williams. |
| 260 |
_aNew York : _bScholastic, _c1996 |
||
| 300 |
_a102 pages : _bIllustrations ; _c20 cm |
||
| 500 | _a"A Little Apple paperback." | ||
| 505 | _aJ | ||
| 520 | _aSomeone's been painting graffiti on the walls. It's up to Cameron to find out who and prove that he can be a great detective just like his dad. With help from his best friend, Tarann, it's up to him to solve this paint puzzle! | ||
| 521 |
_a470
_bLexile |
||
| 521 |
_aJ
_bRaz-Plus |
||
| 650 | 0 |
_aGraffiti _vJuvenile fiction. |
|
| 655 | 7 |
_aMystery fiction. _2gsafd |
|
| 655 | 0 | _aChildren's stories. | |
| 700 | 1 |
_aWilliams, Richard _d1950- |
|
| 906 |
_a7 _bcbc _ccopycat _d2 _encip _f19 _gy-genrareb |
||
| 942 |
_2ddc _cBK _n0 |
||
| 999 |
_c1195 _d1195 |
||